Every Obtainable Pressure Achievement - Statistics

General Stats
  • This quiz has been taken 178 times
    43 since last reset
  • The average score is 32 of 83
Answer Stats
How to obtain Achievement % Correct
Join the game for the first time Expendable
100%
Starting as a team of 8 or more players, escape the Hadal Blacksite with everyone surviving This Badge Sucks
62%
Get killed by Sebastian You Deserve This
62%
Die by opening a locker containing Z-V06 before opening Door 1 Death Any%
54%
Survive an encounter with Pandemonium without being spotted D-Rank
54%
Use a flash beacon on Eyefestation +ENRAGED
54%
Beat the game without taking any damage (dying counts as damage) Extra Careful
54%
Scare off a Wall-Dweller that is actively targeting a teammate Not On My Watch!
54%
Survive an encounter with Blitz Oh
54%
Starting as a team of 2 or more players, escape the Hadal Blacksite with everyone surviving Power Of Friendship
54%
Open the same locker that a teammate died to an instance of Z-V06 Smartest ROBLOX Players
54%
Aggravate a Squiddle to 90% and then look away quickly Too Close To The Sun
54%
Survive an encounter with Pandemonium WAR
54%
Give a medkit to a player and have them use it or use a medkit that was given to you by another player. :3
46%
Find and drink a Party Special Artifice
46%
Survive an encounter with Angler Every Lung Has Its Iron
46%
Reach the end of the Ridge with Eyefestation having been outraged since before Door 25, without dying Glutton For Punishment
46%
Survive an encounter with the Multi-Monster Hi Again
46%
Buy the Saboteur's entire stock Just Good Business
46%
Take 300 damage in a single run in Endless mode without dying Made of Steel
46%
Meet Mr. Lopee by getting left behind or falling out of the map Mysterious Benefactor
46%
Successfully retrieve the Crystal and escape the Hadal Blacksite Pardoned
46%
Encounter and survive the Searchlights Ending Encounter Search Party
46%
Meet the Saboteur in 'person' Uneasy Alliance
46%
Reach the end of The Ridge without picking up a single light source We Die In The Dark
46%
Eat a Wall-Dweller chunk We Outta Wall Dwellers
46%
Cause the death of a Deep Sea Bunny by having it trade an Anti-Personnel Landmine whoops
46%
Meet the p.AI.nter in his room AI Slop
38%
Survive an encounter with Froger An Ocean Of Blood
38%
Die a total of 25 times Dropping Like Flies
38%
Encounter and survive the Searchlights Grand Encounter Eyes In The Skies
38%
Survive an encounter with Chainsmoker Good Things Come To Those Who Wait
38%
Starting as a team of 4 or more players, escape the Hadal Blacksite with everyone surviving Group Of Sweats
38%
Open a locker containing an instance of Z-V06 huh wuh
38%
Escape the Blacksite in under 45 minutes I'm Outta Here!
38%
Starting as a team of 4 or more players, escape the Hadal Blacksite as the only survivor Lonely
38%
Find the Toy Remote and summon your Not-So-Imaginary Friend Lonely No Longer
38%
Survive a gauntlet LOOK AT ME
38%
Encounter the Good People by opening a fake door Loser
38%
Use a token to revive upon death No Refunds~
38%
Order 10 Regular Drinks at Club Spectrum in a single run Put It On My Tab
38%
Survive an encounter with Pinkie Ready For Anything
38%
Die for the first time Send In The Next Team
38%
Get crushed by a Trenchbleeder *splat*
38%
Die a total of 100 times The Floors Are Their Canvas
38%
Scare off a Wall-Dweller by looking at it They're In The Walls
38%
Find and pick up a Rare Item This MIGHT Be Bunny?
38%
Reach the 250th room in Endless mode Victory Lap?
38%
Collect $3000 worth of research in one run Walking Database
38%
Kill the Hanger at the end of the encounter by fully resisting her influence Zero
38%
Complete a Custom Night in the Three Nights at the Blacksite sub-game, with every monster's difficulty set to 20 20/20/20/20
31%
Get attacked by a Squiddle A Shot In The Dark
31%
Survive an encounter with Eyefestation Can't Take My Eyes Off You
31%
Encounter Harbinger in the Endless Expedition Death Incarnate
31%
Get $10000 worth of data in a single run in Endless mode Diminishing Returns
31%
Trigger a DiVine attack by stepping on their grass, then survive with 76 health or more DiVine Intervention
31%
Die a total of 50 times Drowning In An Ocean Of Corpses
31%
Open 5 different fake doors consecutively in one run Fool Me Once, Twice, Thrice, Fource And Fivce
31%
Complete The Hunted expedition after The Hunt: MEGA Edition Event ended Hunted
31%
Die a total of 10 times Leave The Dead Where They Fall
31%
Encounter the Parasites and shake them off Ouch Ouchie STOOOOPPPP!!!!
31%
Find and escape from the Dredge roomtype without dying to the Bottomfeeder Parale Parali
31%
Have HQ detonate your PDG by trying to escape the Hadal Blacksite or the Let-Vand Zone through an open underwater wall POP! Goes The Weasel!
31%
Trade with a Deep Sea Bunny wawa
31%
Reach the end of the ridge on a solo run without hiding in a locker once or reviving with a token We Didn't Playtest To Make Sure This Was Possible
31%
Reach the 100th room in Endless mode Where's My Win?
31%
Disarm an Anti-Personnel Doorstopper Who Cares About OSHA?
31%
Rescue a teammate from a locker containing an instance of Z-V06 Will 2 Live
31%
Survive a turret room Ahh, Those Were The Bad Turrets, Weren't They?
23%
Open the vault after The Hunt: MEGA Edition Event ended Big Ol Sphere
23%
Escape the Skelepede and leave the crypt in The Raveyard Candle Wax
23%
Survive the third night in the Three Nights at the Blacksite sub-game Connection Terminated
23%
Beat the first Bouncer in The Raveyard Dress Code Violation
23%
Beat the game after interacting with a Toy Remote at any door before getting in the submarine and leaving with Imaginary Friend Friends Forever (the next 47 hours)
23%
Completely fill every document that requires death, excluding the Multi-Monster, Stan, and The Raveyard I Think MatPat Will Enjoy Dissecting This👀
23%
Have Z-779's broadcast detonate your PDG Letting Go Of POVERTY, Watch This!
23%
Dance with the friendly group of skeletons at Club Spectrum Monster Mash
23%
Reach the 500th room in Endless mode Premium Payout Or "Difficult" Badge, Call It
23%
Flash Sebastian with the flash beacon once in Regretevator SEBASTIAN GOT YOU
23%
Beat The Raveyard expedition So I Guess We'll Never Dance Again
23%
Encounter a Candlebrute and open the door to the next room without dying Treasure Map To Infinite Bloxy Cola
23%
Escape the Candlebearers in the lower crypt and return to The Raveyard's surface Where's Everyone Going? BINGO?
23%
Buy a new outfit in the shop You've Got Great Taste!
23%
No matching quizzes found
Score Distribution
Percent of People with Each Score
Percentile by Number Answered
Your Score History
You have not taken this quiz since the last reset